| 000 | 00492nam a2200169 4500 | ||
|---|---|---|---|
| 001 | 138214 | ||
| 003 | ES-MaACL | ||
| 005 | 20231228205102.0 | ||
| 007 | t| | ||
| 008 | 070214s1947 sp r ||||1| spa d | ||
| 100 | 1 |
_aSánchez-Silva, José María, _d1911-2002 _9102940 |
|
| 245 | 1 | 3 |
_aLa semana sin lunes / _cJosé Mª Sánchez-Silva. |
| 260 |
_aMadrid : _bEd. Nacional, _c1947. |
||
| 300 |
_a265 p. ; _c19 cm. |
||
| 852 |
_aES-MaACL _jE-2279 _bR.23893 |
||
| 999 |
_c138214 _d138214 |
||